00826nam a2200193Ia 4500008004100000040001800041041000800059245017500067260009600242300001700338490005100355504005200406650003100458650003200489651003200521700002500553700002600578700002800604130821s1996 pe gr spa  aCo-BoUCMbspa00aspa10aReal cédula reintegración de Maynas al Perúb15 de julio de 1802cestudios preliminares, Juan Miguel Bákula Patiño, Ada Arrieta Alvarez, Hugo Pereyra Plasencia aLima (Perú)bPontificia Universidad Católica del Perú ; Instituto Riva-Agüeroc1996 a67 páginas0 aPublicaciones del Instituto Riva-Agüerov150 aIncluye referencias bibliográficas: p. 43-44.04aDerecho colonial español04aMisioneszPerúy1802-1803 7aPerúxHistoriay1802-18031 aArrieta Alvarez, Ada1 aBákula, Juan Miguel1 aPereyra Plasencia, Hugo